| 000 | 01908cam a22001577i 4500 | ||
|---|---|---|---|
| 999 |
_c3975 _d3975 |
||
| 020 | _a[9964303726] | ||
| 050 | 0 | 0 |
_aRA643.86 _b.H64 |
| 245 | 0 | 0 |
_aHIV/AIDS and social welfare : _bissues in prevention management and care / _cedited by Bertha Z. Osei-Hwedie, Kwaku Osei-Hwedie and Morena J. Rankopo. |
| 260 |
_aAccra, Ghana : _bGIMPA Press, _c 2010. |
||
| 300 |
_avii, 215 pages : _bblack and white illustrations ; _c28 cm. |
||
| 505 | _a Introduction: Socioeconomic perspectives on HIV/AIDS / Bertha Z. Osei-Hwedie, Morena J. Rankopo, Kwaku Osei-Hwedie -- The impact of HIV/AIDS on the education and health sectors in Sub-Sahara Africa / E.M. Ncube -- A discourse on the AIDS orphans of South Africa: Research initiatives and issues / Lengwe-Katembula Mwansa -- Botswana: Government-private sector collaboration in implementing HIV/AIDS policy in a developing country / Bertha Z. Osei-Hwedie -- Women's mental health issues: Implications for mental health policy and programme development in Botswana / Tirelo Modie -- Sexuality, condom use and HIV/AIDS precautionary behaviour among youth in Botswana / Kwaku Osei-Hwedie and Rachel Namutosi -- Parents without portfolios: The challenge to social work of child-headed households in AIDS stricken Africa / Gloria Jacques -- Orphans of orphans: The plight of maternal orphanhed youths who are mothers in Botswana / Elizabeth P. Mukamaambo -- Challenges faced by grandmothers in taking care of HIV/AIDS orphans in Botswana: Implications for social work practice / Odireleng Phorano -- Challenges of orphanhood and HIV/AIDS in Botswana: Implications for structural reforms and integrated approaches / Nthabiseng A. Phaladze, Barbara N. Ngwenya -- HIV/AIDS and community home-based care in Botswana / Morena J. Rankopo, Kwaku Osei-Hwedie. | ||
| 700 | 1 | _aOsei-Hwedie, Bertha Z. | |
| 700 | 1 | _aOsei-Hwedie, Kwaku. | |
| 700 | 1 | _aRankopo, Morena J. | |
| 942 | _cBK | ||